IDENTIFYING SEDIMENTS DEPOSITE PATTERNS IN TARBELA DAM USING TEMPORAL REMOTE SENSING DATA / (Record no. 534861)
[ view plain ]
| 000 -LEADER | |
|---|---|
| fixed length control field | 00549nam a22001577a 4500 |
| 020 ## - INTERNATIONAL STANDARD BOOK NUMBER | |
| Terms of availability | Hard Cover. |
| 082 ## - DEWEY DECIMAL CLASSIFICATION NUMBER | |
| Classification number | 621.3678 |
| 100 ## - MAIN ENTRY--PERSONAL NAME | |
| Personal name | Hamza, Naveed Tipu |
| 245 ## - TITLE STATEMENT | |
| Title | IDENTIFYING SEDIMENTS DEPOSITE PATTERNS IN TARBELA DAM USING TEMPORAL REMOTE SENSING DATA / |
| Statement of responsibility, etc. | Naveed Hamza Tipu. |
| 260 ## - PUBLICATION, DISTRIBUTION, ETC. | |
| Place of publication, distribution, etc. | Islamabad : |
| Name of publisher, distributor, etc. | IGIS - NUST, |
| Date of publication, distribution, etc. | 2013. |
| 300 ## - PHYSICAL DESCRIPTION | |
| Extent | xiii, 73 p. : ill, |
| Dimensions | 30cm. |
| 942 ## - ADDED ENTRY ELEMENTS (KOHA) | |
| Source of classification or shelving scheme | |
| Koha item type | Thesis |
| 650 ## - SUBJECT ADDED ENTRY--TOPICAL TERM | |
| Topical term or geographic name entry element | MS Thesis Remote Sensing and GIS |
| 700 ## - ADDED ENTRY--PERSONAL NAME | |
| Personal name | Dr. Ejaz Hussain. |
| 650 ## - SUBJECT ADDED ENTRY--TOPICAL TERM | |
| -- | 29221 |
| 700 ## - ADDED ENTRY--PERSONAL NAME | |
| -- | 19330 |
| Withdrawn status | Lost status | Source of classification or shelving scheme | Damaged status | Not for loan | Permanent Location | Current Location | Shelving location | Date acquired | Total Checkouts | Full call number | Barcode | Date last seen | Price effective from | Koha item type |
|---|---|---|---|---|---|---|---|---|---|---|---|---|---|---|
| Central Library (CL) | Central Library (CL) | Thesis | 08/04/2020 | 621.3678 | CL-T-5740 | 08/04/2020 | 08/04/2020 | Thesis | ||||||
| Central Library (CL) | Central Library (CL) | Thesis | 09/08/2020 | 621.3678 | CL-T-5802 | 09/08/2020 | 09/08/2020 | Thesis |
